|
|
|
|
| LEADER |
02176nam a2200517 a 4500 |
| 001 |
mzk03001196984 |
| 003 |
CZ BrMZK |
| 005 |
20140221083210.0 |
| 007 |
ta |
| 008 |
140219s1780 au f |||| 0 lat d |
| 040 |
|
|
|a BOA001
|b cze
|
| 072 |
|
7 |
|a 34
|x Právo
|2 Konspekt
|9 16
|
| 072 |
|
7 |
|a 094
|x Staré tisky
|2 Konspekt
|9 12
|
| 080 |
|
|
|a 348
|2 MRF
|
| 080 |
|
|
|a 340
|2 MRF
|
| 080 |
|
|
|a 025.171
|2 MRF
|
| 080 |
|
|
|a (0.068)094
|2 MRF
|
| 100 |
1 |
|
|a Riegger, Paul Josef von,
|d 1705-1775
|7 ola2005298323
|4 aut
|
| 245 |
1 |
0 |
|a Pavli Iosephi a Riegger, Eq. Sac. Caes. Reg. Apost. Mai. Cons. Avl. Act. Ivr. Eccles. P.P.O. Institvtionvm ivrisprvdentiae ecclesiasticae.
|n Pars I,
|p Principia Ivris Ecclesiastici continens
|
| 246 |
3 |
|
|a Institvtionvm ivrisprvdentiae ecclesiasticae
|
| 246 |
3 |
|
|a Institutionum iurisprudentiae ecclesiasticae
|
| 246 |
3 |
0 |
|a Principia Ivris Ecclesiastici continens
|
| 246 |
3 |
0 |
|a Principia Iuris Ecclesiastici continens
|
| 250 |
|
|
|a Editio nova, et emendata
|
| 260 |
|
|
|a Viennae :
|b Typ. Io. Thom. Nob. de Trattnern Caes. Reg. Aulae Typogr. et Bibl.,
|c 1780
|
| 300 |
|
|
|a [32], 469, [24] s. ;
|c 8°
|
| 500 |
|
|
|a Výzdoba: Na titulním listu nad impresem tiskařský signet, iciciály, vlysy, linky, viněty
|
| 500 |
|
|
|a Titulní list tištěn majuskulou
|
| 561 |
|
|
|a Provenience: Exlibris se studujícím mnichem
|
| 563 |
|
|
|a Vazba usňová na lepenkové desce, zlacená slepotisková výzdoba na hřbetu, hřbetní štítek, červená ořízka
|
| 650 |
|
7 |
|a církevní právo
|7 ph114288
|2 czenas
|
| 650 |
|
7 |
|a právní věda
|7 ph115913
|2 czenas
|
| 650 |
|
7 |
|a historické knihovní fondy
|7 ph172933
|2 czenas
|
| 653 |
0 |
|
|a Institutiones
|
| 655 |
|
7 |
|a staré tisky
|7 fd422076
|2 czenas
|
| 856 |
4 |
1 |
|u https://imageserver.mzk.cz/mzk03/001/196/984/328100214086.titul.jp2
|y Titulní list
|
| 903 |
|
|
|a RP
|
| 910 |
|
|
|e BOE950
|c R - K. II. a. 40
|
| 978 |
|
|
|b Trattner, Johann Thomas von
|a Wien
|c 1780
|
| 982 |
0 |
|
|a Rajhrad - benediktinský klášter
|
| 984 |
|
|
|a Vídeň
|b Rakousko
|
| 985 |
|
|
|a 1751-1800
|
| 990 |
|
|
|a BK
|
| 996 |
|
|
|e BOE950
|c R - K. II. a. 40
|
| 980 |
|
|
|c 214086
|g R - K. II. a. 40
|1 328100214086
|p N.1972, K.II.g.22
|
| 991 |
|
|
|k rajhrad
|